Представление документа в формате RUSMARC

ПолеНазваниеЗначение
  Тип записи c
  Библиографический уровень m
001 Контрольный номер RU/УОНБ/EK_N/543669305
005 Дата корректировки 20250225114754.7
010 Индекс ISBN __
9 Тираж 1000 экз.
013 Номер (ISMN) __
a Номер (ISMN) 5-89608-025-5
d Цена 25 р.
100 Данные общей обработки __
a Данные общей обработки 20170324d2000 u y0rusy0189||||ca
101 Язык документа 0_
a Язык текста rus
f Язык титульного листа rus
102 Страна публикации __
a Страна публикации RU
105 Кодированные данные (монография) __
a Кодированные данные (монография) y###||||000|y
128 Кодированные данные (звукозаписи-физические характеристики) __
a Кодированные данные: Музыкальная форма и тональность или лад ccn
c Инструменты или голоса, рекомендуемые для солистов (устаревшее) vu||
200 Заглавие и сведения об ответственности 1_
a Заглавие Вып. 2
210 Выходные данные 1_
d Дата издания 2000
215 Физическое описание __
a Объем 40 с.
327 Примечание о содержании 11
a Примечание о содержании Содерж. : Я встретил вас / сл. Ф. Тютчева ; муз. ред. И. Козловского. - Юрьев Е. Динь-динь-динь / сл. Е. Юрьева. - Муз. и сл. неизв. авт. Очаровательные глазки ; Глядя на луч ; Шар голубой. - Харито Н. Отцвели хризантемы / сл. В. Шумского. - Фомин Б. Дорогой длинною / сл. К. Подревского. - Русские народные песни : Однажды морем я плыла ; Ой, полна, полна коробушка ; Чё те надо? ; Ой, при лужку ; Ой, мороз, мороз ; Вдоль по улице метелица метет ; Степь да степь кругом ; Выйду на улицу.
461 Уровень набора _0
1 001RU/УОНБ/EK_N/543667537
1 200
a За праздничным столом
b Ноты
e попул. песни в перелож. для фп. и гитары с голосом
v Вып. 2
1 210
a М.
c Издательство Владимира Катанского
d 2000
464 Аналитический уровень _0
1 2001
a Я встретил вас
e Я встретил вас...
1 702 1
a Тютчев
b Ф.
4 520
1 702 1
a Козловский
b И.
4 340
464 Аналитический уровень _0
1 2001
a Динь-динь-динь
e В лунном сиянье снег серебрится...
1 700 1
a Юрьев
b Е.
4 520
1 702 1
a Юрьев
b Е.
4 520
464 Аналитический уровень _0
1 2001
a Очаровательные глазки
e Очаровательные глазки, очаровали вы меня...
1 700 1
a Музыка неизвестного автора
1 702 1
a Слова неизвестного автора
4 520
464 Аналитический уровень _0
1 2001
a Отцвели хризантемы
e В том саду, где мы встретились...
1 700 1
a Харито
b Н.
4 520
1 702 1
a Шумский
b В.
4 520
464 Аналитический уровень _0
1 2001
a Дорогой длинною
e Ехали на тройке с бубенцами...
1 700 1
a Фомин
b Б.
4 520
1 702 1
a Подревский
b К.
4 520
464 Аналитический уровень _0
1 2001
a Однажды морем я плыла
e Однажды морем я плыла...
e рус. нар. песня
464 Аналитический уровень _0
1 2001
a Очаровательные глазки
e Очаровательные глазки, очаровали вы меня...
1 700 1
a Музыка неизвестного автора
1 702 1
a Слова неизвестного автора
4 520
464 Аналитический уровень _0
1 2001
a Глядя на луч
e Глядя на луч пурпурного заката...
1 700 1
a Музыка неизвестного автора
1 702 1
a Слова неизвестного автора
4 520
464 Аналитический уровень _0
1 2001
a Шар голубой
e Крутится, вертися шар голубой...
1 700 1
a Музыка неизвестного автора
1 702 1
a Слова неизвестного автора
4 520
464 Аналитический уровень _0
1 2001
a Ой, полна, полна коробушка
e Ой, полна, полна коробушка...
e рус. нар. песня
464 Аналитический уровень _0
1 2001
a Чё те надо?
e Провожал ты меня...
e рус. нар. песня
464 Аналитический уровень _0
1 2001
a Ой, при лужку
e Ой, при лужку, при лужку...
e рус. нар. песня
464 Аналитический уровень _0
1 2001
a Ой, мороз, мороз
e Ой, мороз, мороз, не морозь меня...
e рус. нар. песня
464 Аналитический уровень _0
1 2001
a Вдоль по улице метелица метет
e Вдоль по улице метелица метет...
e рус. нар. песня
464 Аналитический уровень _0
1 2001
a Степь да степь кругом
e Степь да степь кругом...
e рус. нар. песня
464 Аналитический уровень _0
1 2001
a Выйду на улицу
e Выйду на улицу - солнца нема...
e рус. нар. песня
512 Заглавие обложки 1_
a Заглавие обложки За праздничным столом
606 Тематические рубрики 0_
a Основная рубрика Популярные песни
610 Ключевые слова 0_
a Ключевые слова популярные песни
686 Индексы других классификаций __
a Классификационный индекс 85.943.4-42-041.5я43
2 Код системы rubbk
801 Источник записи _0
a Страна RU
b Организация Ульяновская ОНБ
c Дата составления 20170324
g Правила каталогизации RCR
801 Источник записи _1
a Страна RU
b Организация Ульяновская ОНБ
c Дата составления 20170324
g Правила каталогизации RCR
901 Тип документа __
t Тип документа n
w Контрольный № источника RU/УОНБ/EK_N/543667537
909 Создатель записи __
a Создатель записи Лобина Л. И.
910 Корректоры записи __
a Корректор записи Васина
938 Служебная информация __
a Имя БД noti
b Имя библиотеки УОНБ
c Имя АИБС МАРК-SQL
d Номер DOC_ID в БД 16071